000 00414nam a22001457a 4500
003 OSt
008 250212b |||||||| |||| 00| 0 eng d
020 _a9788197980787
100 _aDUBEY, Amit Kumar
245 _aFriction Stir Welding: Introduction, Material Used and Recent Advancement
260 _aNew Delhi,
_bNaples India:
_c2024.
300 _a264.p
650 _aFaculty Publication
942 _2ddc
_cBK
999 _c13100
_d13100